Jazyk sa nám pletie Chápete tomu?

Bibliographic Details
Main Author: Švenková, Viera, 1937- (Author)
Format: Article
Language:Slovak
Subjects:

MARC

LEADER 00000nab a2200000 a 4500
001 vtls012231484
003 SK-MaSNL
005 20260305010939.0
008 230606c2013 xo ||||||| |00 ||slo
015 |a SNBRB 
040 |a SNKBUCL  |b slo  |c SNKBUCL  |e AACR2 
041 0 |a slo 
044 |a xo  |c SK 
100 1 |a Švenková, Viera,  |d 1937-  |4 aut 
245 1 0 |a Jazyk sa nám pletie  |b Chápete tomu?  |c Viera Švenková 
500 |a Uverejnené v rubrike Zápisník 
650 0 7 |a spisovná slovenčina  |2 SNKPH  |9 66941 
650 0 7 |a hovorová slovenčina  |2 SNKPH  |9 113329 
655 7 |a glosy  |2 SNKPH  |9 28645 
773 0 |t Slovenské pohľady  |g Roč. IV.+129, č. 4 (2013), s. 145-147 
852 |a Slovenská národná knižnica 
954 |a odborná, vedecká literatúra pôvodná (slovenská)  |2 lita 
999 |c 3249752  |d 3251682